Groups of Five - Best Literacy Rates - Statistics

General Stats
  • This quiz has been taken 57 times
  • The average score is 21 of 30
Answer Stats
Group Answer % Correct
North America Canada
98%
North America United States of America
98%
Australia / Oceania Australia
91%
Australia / Oceania New Zealand
89%
South America Argentina
87%
Africa South Africa
87%
South America Chile
85%
North America Cuba
83%
South America Uruguay
83%
South America Venezuela
83%
Australia / Oceania Fiji
81%
Europe Norway
79%
South America Suriname
79%
Europe Luxembourg
77%
North America Barbados
74%
Australia / Oceania Palau
74%
Europe Andorra
72%
Europe Finland
72%
Europe Liechtenstein
72%
Australia / Oceania Marshall Islands
70%
Africa Seychelles
64%
North America Trinidad and Tobago
62%
Asia Kazakhstan
55%
Asia North Korea
53%
Asia Tajikistan
51%
Asia Uzbekistan
49%
Africa Libya
47%
Africa São Tomé and Príncipe
47%
Asia Azerbaijan
45%
Africa Equatorial Guinea
38%
No matching quizzes found
Score Distribution
Percent of People with Each Score
Percentile by Number Answered
Your Score History
You have not taken this quiz